UBT Library

An introduction to political philosophy : (Record no. 139)

000 -LEADER
fixed length control field 00829cam a2200265 a 4500
005 - DATE AND TIME OF LATEST TRANSACTION
control field 20131021041703.0
008 - FIXED-LENGTH DATA ELEMENTS--GENERAL INFORMATION
fixed length control field 891020s1989 miu b 001 0 eng
020 ## - INTERNATIONAL STANDARD BOOK NUMBER
International Standard Book Number 0814319017
020 ## - INTERNATIONAL STANDARD BOOK NUMBER
International Standard Book Number 0814319025
041 0# - LANGUAGE CODE
Language code of text/sound track or separate title eng
080 ## - UNIVERSAL DECIMAL CLASSIFICATION NUMBER
Universal Decimal Classification number 32
100 1# - Rafti
Rafti Strauss, Leo.
245 13 - TITLE STATEMENT
Title An introduction to political philosophy :
Statement of responsibility, etc by Leo Strauss ; edited with an introduction by Hilail Gildin.
260 ## -
-- Detroit :
-- Wayne State University Press,
-- 1989.
300 ## -
-- 365 p. ;
-- 21 cm.
490 1# -
-- Culture of Jewish modernity
500 ## -
-- Preface : f. VI
500 ## -
-- Includes index.
504 ## - BIBLIOGRAPHY, ETC. NOTE
Bibliography, etc Bibliography: p. 347-355.
650 #0 -
-- Shkenca politike
-- Filozofi
650 #0 -
-- Shkenca politike
-- Histori
700 1# -
-- Gildin, Hilail.
830 #0 -
-- Culture of Jewish modernity.
942 ## - ADDED ENTRY ELEMENTS (KOHA)
Source of classification or shelving scheme
Item type Books
Holdings
Withdrawn status Lost status Source of classification or shelving scheme Damaged status Not for loan Collection code Permanent location Current location Shelving location Date acquired Total Checkouts Full call number Barcode Date last seen Price effective from Koha item type
          Koleksioni i përgjithshem UBT - Prishtine UBT - Prishtine Koleksioni i përgjithshem 10/21/2013   32 STR 001-000151 10/21/2013 10/21/2013 Books
UBT Library © 2015-2024. All rights reserved University Education for Business and Technology